LIBRARY & INFORMATION CENTRE, KCAET, TAVANUR

ONLINE PUBLIC ACCESS CATALOGUE (OPAC)

Tulasidas Ramayanam / (Record no. 6559)

MARC details
000 -LEADER
fixed length control field 00480cam a2200181ua 4500
041 ## - LANGUAGE CODE
Language code of text/sound track or separate title mal
082 ## - DEWEY DECIMAL CLASSIFICATION NUMBER
Classification number 294.592 2
Item number GOP/TU
100 ## - MAIN ENTRY--AUTHOR NAME
Personal name Gopalakurup, Vennikkulam .
245 ## - TITLE STATEMENT
Title Tulasidas Ramayanam /
250 ## - EDITION STATEMENT
Edition statement 1 /
260 ## - PUBLICATION, DISTRIBUTION, ETC. (IMPRINT)
Place of publication Kottayam :
Name of publisher Sahitya Pravarthaka Co-operative Society ,
Year of publication 1968.
300 ## - PHYSICAL DESCRIPTION
Number of Pages 842 ; .
942 ## - ADDED ENTRY ELEMENTS (KOHA)
Koha item type Books
Holdings
Withdrawn status Lost status Damaged status Home library Current library Date acquired Full call number Accession Number Koha item type Cost, normal purchase price
Withdrawn     KAUAET KAUAET 16/11/2023 294.592 2 GOP/TU 10983 Books 7.50
Withdrawn     KAUAET Sanskrit University 07/04/2012 294.592 2 12764 Books  
free website counter